[Event "SVK-ch U12"]
[Site "Liptovsky Mikulas"]
[Date "2019.04.29"]
[Round "8"]
[White "Kapral, Roland"]
[Black "Kulich, Daniel"]
[Result "0-1"]
[WhiteElo "1103"]
[BlackElo "1109"]
[PlyCount "104"]
[EventDate "2019.04.23"]
[EventType "swiss"]
[EventRounds "9"]
[EventCountry "SVK"]
[SourceTitle "CBM 190 Extra"]
[Source "ChessBase"]
[SourceDate "2019.07.15"]
[SourceVersion "1"]
[SourceVersionDate "2019.07.15"]
[SourceQuality "1"]

1. e4 c5 2. Nf3 d6 3. d4 cxd4 4. Nxd4 Nf6 5. Nc3 g6 6. b3 Bg7 7. Bb2 0-0 8. Bc4 Nc6 9. 0-0 Qc7 10. Re1 d5 11. exd5 Nxd4 12. Qxd4 Ng4 13. d6 Bxd4 14. dxc7 Bxf2+ 15. Kf1 Bxe1 16. Rxe1 Nxh2+ 17. Kg1 Ng4 18. Rxe7 Bf5 19. Bd5 Rae8 20. Rxe8 Rxe8 21. Kf1 Ne3+ 22. Kf2 Nxd5 23. Nxd5 Ra8 24. Ne7+ Kf8 25. Ba3 Ke8 26. c4 Bc8 27. Nd5 f5 28. Nf6+ Kf7 29. Nd5 Be6 30. Kf3 Rc8 31. Bd6 Bxd5+ 32. cxd5 Ke8 33. Be5 Kd7 34. d6 g5 35. g4 fxg4+ 36. Kxg4 Rg8 37. a4 a6 38. b4 b5 39. axb5 axb5 40. Bg3 h6 41. Kh5 Rf8 42. Kg4 Rf6 43. Be5 Re6 44. Bh2 Re4+ 45. Kf3 Rxb4 46. Be5 Rf4+ 47. Bxf4 gxf4 48. Kxf4 h5 49. Ke5 h4 50. c8Q+ Kxc8 51. Ke6 Kd8 52. d7 h3 0-1

[Event "SVK-ch U12"]
[Site "Liptovsky Mikulas"]
[Date "2019.04.25"]
[Round "4"]
[White "Blasko, Lukas"]
[Black "Kapral, Roland"]
[Result "0-1"]
[WhiteElo "1000"]
[BlackElo "1103"]
[PlyCount "66"]
[EventDate "2019.04.23"]
[EventType "swiss"]
[EventRounds "9"]
[EventCountry "SVK"]
[SourceTitle "CBM 190 Extra"]
[Source "ChessBase"]
[SourceDate "2019.07.15"]
[SourceVersion "1"]
[SourceVersionDate "2019.07.15"]
[SourceQuality "1"]

1. e4 c5 2. Nc3 e6 3. Nf3 a6 4. Bc4 b5 5. Bb3 c4 6. Bxc4 bxc4 7. 0-0 Nf6 8. e5 Nd5 9. h3 Bc5 10. d4 Bb4 11. Bd2 0-0 12. Qe2 Qc7 13. Qe4 Bb7 14. Rae1 Nxc3 15. Qe3 Nd5 16. Qe2 Bxd2 17. Qxd2 c3 18. Qg5 h6 19. Qg4 cxb2 20. Rb1 Qb6 21. Rfe1 Nc3 22. Nd2 Nxb1 23. Nxb1 Nc6 24. c3 f6 25. f4 f5 26. Qg6 Nxd4 27. Kh2 Nf3+ 28. gxf3 Qf2+ 29. Qg2 Qxe1 30. Qxb2 Rab8 31. Kg2 Bxf3+ 32. Kxf3 Rxb2 33. Na3 Qf2# 0-1